| 000 | 00816nam a2200217Ia 4500 | ||
|---|---|---|---|
| 003 | OSt | ||
| 005 | 20200925181213.0 | ||
| 008 | 191128s1985 ck gr 000 0 spa d | ||
| 040 |
_aCO-JMCR _cCO-JMCR |
||
| 041 | 0 | _aspa | |
| 082 | 0 | 4 |
_a923.2 / _bA723a _223 |
| 100 | 1 |
_aArdila Duarte, Benjamín, _ecompilador _910894 |
|
| 245 | 1 | 0 |
_aAlfonso López Michelsen : _bobras selectas / _ccompilación y ordenamiento, Benjamín Ardila Duarte y Alberto Camilo Suarez de la Cruz |
| 260 |
_aBogotá : _bCámara de Representantes, _c1985 |
||
| 300 |
_a4 volúmenes ; _c25 cm. |
||
| 490 | 0 |
_aPensadores políticos colombianos ; _v20 |
|
| 600 | 1 |
_aLópez Michelsen, Alfonso, _d1913-2007 _910895 |
|
| 650 | 1 | 4 |
_aColecciones de escritos _910896 |
| 700 | 1 |
_aSuarez de la Cruz, Alberto Camilo, _ecompilador _910897 |
|
| 942 |
_2ddc _cBK |
||
| 999 |
_c6241 _d6241 |
||